000 00282nam a2200109Ia 4500
008 200302s9999 xx 000 0 und d
100 _aSatish Grover
245 _aIslamic Architecture in India 2nd ed.,
260 _bCBS Publishers & Distributors
260 _c2009
300 _a179 P.,
999 _c2632
_d2632